000 00298nam a2200121Ia 4500
008 231129s9999||||xx |||||||||||||| ||spa||
040 _bspa
082 _a193 A241i
100 _aAdorno Theodor W
245 0 _aIntervenciones: Nueve modelos de critica
264 _aMonte Avila
942 _2ddc
_cBKS
999 _c15812
_d15812